| 000 | 00429cam a2200169 4500 | ||
|---|---|---|---|
| 001 | D13009 | ||
| 008 | 090401t1970 xxu||||| |||| 00| 0 eng d | ||
| 035 | _a(Sirsi) u94332 | ||
| 041 | _aeng | ||
| 110 |
_aMinistry of Housing and Local Government _91285 |
||
| 245 | 4 | _aThe new towns. Paper 3. The rise in land values | |
| 260 |
_aLondon _bMHLG _c1970 |
||
| 350 | _a0 | ||
| 520 | _aShelf 182 | ||
| 942 | _n0 | ||
| 948 | _c04/03/1997 | ||
| 999 |
_c97984 _d97984 |
||